000 00869nam a2200241Ia 4500
003 GCL
008 140319s9999 xx 000 0 ara d
020 _a8544501977
040 _aGCL /
_cGCL
082 0 4 _aق
_b923.2
_bم ا
100 1 _aمحمد محمد الجوادى
245 1 0 _aاسماعيل باشا صدقى /
_cمحمد محمد الجوادى
260 _aالقاهرة :
_bالهيئة المصرية العامة للكتاب ،
_c1998
300 _a147 ص ؛
_c22 سم
490 _aتاريخ المصريين
_v112
650 0 4 _aالسياسيون المصريون
650 0 4 _aاسماعيل صدقى
650 0 4 _aمصر - تاريخ - العصر الحديث
650 0 4 _aالوزراء - تراجم
650 0 4 _aالسياسيون المصريون - تراجم
650 0 4 _aرجال الدولة - تراجم
942 _2ddc
_cBK
999 _c56555
_d56555